| 000 | 01285 a2200301 4500 | ||
|---|---|---|---|
| 003 | Nust | ||
| 005 | 20221011091003.0 | ||
| 010 | _a 96070764 | ||
| 020 | _a0789708965 | ||
| 035 | _a(OCoLC)36244104 | ||
| 040 | _cNust | ||
| 082 | 0 | 0 | _a005.369,WIN |
| 100 | 1 |
_aWinter, Rick. _999749 |
|
| 245 | 1 | 0 |
_aUsing Microsoft Office 97 professional / _cwritten by Rick Winter and Patty Winter ... [et al.]. |
| 250 | _aSpecial ed. | ||
| 260 |
_aIndianapolis, IN : _bQue, _cc1997. |
||
| 300 |
_axl, 1234 p. : _bill. ; _c23 cm. |
||
| 505 | _aFeatures You Will Only Need To Learn Once (Page-9), Using Word (Page-145), Using Excel (Page-299), Using Multimedia In MS Office (Page-467), Using Powerpoint (Page-589), Using Access (Page-703), Integrating MS Office Applications Page (Page-849), Internets, Intranets And Workgroups (Page-1005). | ||
| 650 | 0 |
_aBusiness _xComputer programs. _919731 |
|
| 650 | 0 |
_aDatabase management _xComputer programs. _998222 |
|
| 650 | 0 | _aElectronic spreadsheets. | |
| 650 | 0 |
_aPersonal information management _xComputer programs. _999454 |
|
| 650 | 0 |
_aPresentation graphics software. _999455 |
|
| 650 | 0 |
_aTime management _xComputer programs. _999456 |
|
| 650 | 0 |
_aWord processing. _936793 |
|
| 700 | 1 |
_aWinter, Patty. _999750 |
|
| 942 |
_cREF _2ddc _k005.369,WIN |
||
| 999 |
_c175184 _d175184 |
||